| 000 | 00834nam a22001337a 4500 | ||
|---|---|---|---|
| 040 | _cRUA | ||
| 082 | _aAGR TEM 2013 BO55 Or.1 | ||
| 100 | _aTEM, SAMBATH | ||
| 245 | _aEffect of different fertilizer on IR66 rive variety in dry season on toul samrong soil croup at prey phdav agriculture research station ប្រសិទ្ធីភាពជីផ្សេងៗក្នាលើពូជស្រូវអ៊ីអ៊ែ ៦៦ ក្នុងលក្ខខណ្ឌរដូវប្រាំងលើក្រុមដីទួលសំរោង នៅស្ថានីយ៍ពិសោធន៍កសិកម្មព្រៃផ្តៅ. | ||
| 260 |
_aphnom phen _bRUA _c2013 |
||
| 300 |
_aIX,51p. _bill. _c29cm. |
||
| 856 | _uhttps://drive.google.com/file/d/1SSYSyoZIY2ebUqDCSZE5FC86qnKc4RJx/view?usp=sharing | ||
| 942 | _cAGR | ||
| 999 |
_c1244 _d1244 |
||